000 00320nam a2200109Ia 4500
008 160531s9999 xx 000 0 und d
100 _aLim, Hwee-San.
245 _aNew Achievements in Geoscience
245 _cby Hwee-San Lim
260 _c2012
856 _uhttp://www.intechopen.com/books/new-achievements-in-geoscience
999 _c295077
_d295077